[Event "Lisbon Portugal op"]
[Site "Lisbon"]
[Date "2020.01.28"]
[Round "5"]
[White "Stella, Andrea"]
[Black "Rafael, Manuel Maria Arez"]
[Result "1-0"]
[WhiteElo "2465"]
[BlackElo "1727"]
[PlyCount "59"]
[EventDate "2020.01.25"]
[EventType "swiss"]
[EventRounds "9"]
[EventCountry "POR"]
[SourceTitle "CBM 194"]
[Source "ChessBase"]
[SourceDate "2020.01.27"]
[SourceVersion "1"]
[SourceVersionDate "2020.01.27"]
[SourceQuality "1"]

1. Nf3 d5 2. c4 c6 3. d4 Nf6 4. Nc3 dxc4 5. a4 Bf5 6. e3 e6 7. Bxc4 Nbd7 8. 0-0 Qa5 9. Qe2 Ne4 10. Nxe4 Bxe4 11. Nd2 Bg6 12. e4 Nb6 13. Bd3 Bb4 14. g4 Be7 15. f4 f6 16. Nf3 0-0 17. f5 Bf7 18. g5 exf5 19. gxf6 gxf6 20. Nh4 fxe4 21. Qxe4 Qh5 22. Nf5 Rfe8 23. Nh6+ Kf8 24. Qxh7 Bd6 25. Qh8+ Ke7 26. Qxf6+ Kd7 27. Qxf7+ Qxf7 28. Rxf7+ Ke6 29. a5 Nd5 30. Bf5# 1-0

[Event "Lisbon Portugal op"]
[Site "Lisbon"]
[Date "2020.01.26"]
[Round "3"]
[White "Chennaoui, Yasin"]
[Black "Rafael, Manuel Maria Arez"]
[Result "1/2-1/2"]
[WhiteElo "2093"]
[BlackElo "1727"]
[PlyCount "114"]
[EventDate "2020.01.25"]
[EventType "swiss"]
[EventRounds "9"]
[EventCountry "POR"]
[SourceTitle "EXT 2021"]
[Source "ChessBase"]
[SourceDate "2020.10.23"]
[SourceVersion "1"]
[SourceVersionDate "2020.10.23"]
[SourceQuality "1"]

1. d4 d5 2. c4 c6 3. Nf3 Nf6 4. Nc3 dxc4 5. a4 Bf5 6. e3 Nbd7 7. Bxc4 e6 8. 0-0 h6 9. Re1 Bb4 10. Qb3 Qa5 11. Bd2 0-0 12. e4 Bh7 13. Rad1 Nb6 14. Ne5 Bxc3 15. bxc3 Qxa4 16. Bxe6 fxe6 17. Qxe6+ Kh8 18. Nf7+ Rxf7 19. Qxf7 Nxe4 20. Qxb7 Qc2 21. Rf1 Nxc3 22. Bxc3 Qxc3 23. Ra1 Qxd4 24. Rxa7 Rxa7 25. Qb8+ Nc8 26. Qxc8+ Bg8 27. Qxc6 Ra2 28. Qe8 Qd2 29. h4 Qc2 30. Qe3 Qb2 31. Kh2 Ra1 32. Rxa1 Qxa1 33. g4 Qf6 34. g5 Qd6+ 35. f4 h5 36. Kg3 Qe6 37. Qf3 Bf7 38. f5 Qe5+ 39. Kh3 g6 40. Qa8+ Kg7 41. f6+ Kh7 42. Qf8 Be6+ 43. Kg2 Qe2+ 44. Kg3 Qe3+ 45. Kg2 Bd5+ 46. Kf1 Qf3+ 47. Ke1 Qe3+ 48. Kf1 Bc4+ 49. Kg2 Qe2+ 50. Kg3 Qg4+ 51. Kf2 Qxh4+ 52. Kf3 Bd5+ 53. Ke3 Qe4+ 54. Kd2 Qd4+ 55. Ke2 Bc4+ 56. Kf3 Qg4+ 57. Ke3 Qe6+ 1/2-1/2